Statistiques concernant Personnages de Naruto de A à Z

Cliquez ici pour prendre le quiz!

Statistiques générales

  • Ce quiz a été pris 384 fois
  • Le résultat moyen est 14 sur 20

Statistiques - réponses

LettreDescriptionPersonnage% Correct
JErmite perversJiraya
92%
DMembre de l'Akatsuki
spécialiste des explosifs
Deidara
91%
SAncien compagnon de NarutoSasuke
90%
NProtagonisteNaruto
88%
OAncien comagnon de KakashiObito
86%
TCinquième HokageTsunade
86%
MUn des fondateurs de KonohaMadara
83%
GQuatrième KazekageGaara
80%
AFidèle compagnon d'un
membre de l'équipe 8
Akamaru
77%
CMembre du clan
Akimichi
Chôji
76%
ZMembre artificiel de l'AkatsukiZetsu
73%
IInstructeur à l'académie
de Konoha
Iruka
72%
KMembre d'Akatsuki originaire
du pays de Kiri
Kisame
70%
YFondateur d'AkatsukiYahiko
56%
PInvocation de KakashiPakkun
53%
HNinja mercenaire orphelin
originaire du pays de l'eau
Haku
46%
EShinobi de Konoha spécialiste
de l'entraînement des
ninjas d'élites
Ebisu
41%
BSensei d'une équipe
de Suna
Baki
39%
RMembre de l'équipe 3Rock Lee
34%
FCrapaud ErmiteFukasaku
20%

Distribution des résultats

Percentile par nombre de réponses

% des personnes avec chaque résultat

Votre développement - résultats

Vous n’avez pas pris ce quiz